[Event "GM tournament"]
[Site "Linares ESP"]
[Date "1994.??.??"]
[Round "4"]
[White "Karpov, Anatoly"]
[Black "Topalov, Veselin"]
[Result "1-0"]
[WhiteElo "2740"]
[BlackElo "2640"]

1.d4 Cf6 2.c4 c5 3.Cf3 cxd4 4.Cxd4 e6 5.g3 Cc6 6.Fg2 Fc5 7.Cb3 Fe7 8.Cc3 
O-O 9.O-O d6 10.Ff4 Ch5 11.e3 Cxf4 12.exf4 Fd7 13.Dd2 Db8 14.Tfe1 g6 15.h4
a6 16.h5 b5 17.hxg6 hxg6 18.Cc5 dxc5 19.Dxd7 Tc8 20.Txe6 Ta7 21.Txg6+ fxg6
22.De6+ Rg7 23.Fxc6 Td8 24.cxb5 Ff6 25.Ce4 Fd4 26.bxa6 Db6 27.Td1 Dxa6 28.
Txd4 Txd4 29.Df6+ Rg8 30.Dxg6+ Rf8 31.De8+ Rg7 32.De5+ Rg8 33.Cf6+ Rf7 34.
Fe8+ Rf8 35.Dxc5+ Dd6 36.Dxa7 Dxf6 37.Fh5 Td2 38.b3 Tb2 39.Rg2 1-0

[Event "12. Olympiad"]
[Site "Moscow RUS"]
[Date "1994.??.??"]
[Round "3"]
[White "Ye Jiangchuan"]
[Black "Topalov, Veselin"]
[Result "0-1"]
[WhiteElo "2575"]
[BlackElo "2645"]

1.e4 c5 2.Cf3 d6 3.d4 cxd4 4.Cxd4 Cf6 5.Cc3 a6 6.Fe3 e6 7.f3 b5 8.Dd2 Fb7 
9.g4 h6 10.O-O-O Cbd7 11.h4 b4 12.Cce2 d5 13.Fh3 dxe4 14.g5 hxg5 15.hxg5 
exf3 16.Cg3 Ce4 17.Cxe4 Fxe4 18.Ff4 Cc5 19.De3 Da5 20.Rb1 Fd5 21.Cb3 Cxb3 
22.axb3 Dc5 23.Dd3 Dc6 24.g6 Fe4 25.gxf7+ Rxf7 26.Dd2 Tc8 27.Tc1 Fe7 28.
Th2 Dd5 29.De1 0-1

[Event "12. Olympiad"]
[Site "Moscow RUS"]
[Date "1994.??.??"]
[Round "5"]
[White "Topalov, Veselin"]
[Black "Gausel, Einar"]
[Result "1-0"]
[WhiteElo "2645"]
[BlackElo "2505"]

1.e4 c6 2.d4 d5 3.exd5 cxd5 4.c4 Cf6 5.Cc3 e6 6.Cf3 Fb4 7.cxd5 Cxd5 8.Dc2 
Cc6 9.a3 Fe7 10.Fd3 Cf6 11.O-O O-O 12.Td1 a6 13.d5 exd5 14.Cxd5 Cxd5 15.
Fxh7+ Rh8 16.Fe4 Fe6 17.Fxd5 Fxd5 18.Df5 g6 19.Dxd5 Dxd5 20.Txd5 Tfd8 21.
Td2 Ff6 22.Tb1 Ca5 23.b3 Rg8 24.Rf1 Tac8 25.Txd8+ Txd8 26.Fd2 Td5 27.a4 
Cc6 28.Re2 Rf8 29.Fe3 Re7 30.Td1 Th5 31.h4 Re6 32.g3 Fe7 33.Cg5+ Fxg5 34.
Fxg5 Th8 35.Td3 f6 36.Fd2 Ce7 37.Te3+ Rf7 38.Tc3 Cd5 39.Tc5 Re6 40.Tc1 Re5
41.Rd3 Rd6 42.f3 f5 43.Fg5 Cb4+ 44.Rc4 Cd5 45.Rd4 b6 46.Te1 Tc8 47.Te5 Cc7
48.Fe7+ Rd7 49.Fa3 Ce6+ 50.Rd3 Te8 51.Td5+ Rc7 52.Td6 a5 53.Rc4 Rb7 54.
Td7+ Rc6 55.Tf7 Tc8 56.Te7 b5+ 57.axb5+ Rb6+ 58.Rd5 Cc7+ 59.Re5 Cxb5 60.
Te6+ Rb7 61.Fe7 Tc3 62.Txg6 Txb3 63.h5 Te3+ 64.Rf6 Cc7 65.Rf7 1-0

[Event "12. Olympiad"]
[Site "Moscow RUS"]
[Date "1994.??.??"]
[Round "10"]
[White "Topalov, Veselin"]
[Black "Campora, Daniel H"]
[Result "0-1"]
[WhiteElo "2645"]
[BlackElo "2560"]

1.e4 e5 2.Cf3 d6 3.d4 Cd7 4.Fc4 c6 5.c3 Cgf6 6.dxe5 Cxe4 7.De2 d5 8.Fd3 
Cdc5 9.Fc2 Ff5 10.O-O Fg6 11.c4 d4 12.Fxe4 Cxe4 13.Td1 Fc5 14.Fe3 Db6 15.
Fxd4 O-O-O 16.Cc3 Fxd4 17.Cxe4 Dxb2 18.Cxd4 Dxe2 19.Cxe2 Fxe4 20.c5 g5 21.
Cc3 Fd3 22.h4 h6 23.f3 The8 24.hxg5 Txe5 25.gxh6 Txc5 26.Ca4 Tc2 27.Tac1 
Th8 28.Cc5 Txc1 29.Txc1 Fg6 30.Te1 Txh6 31.Te7 Th5 32.Ce4 Td5 33.Cf6 Td6 
34.Te8+ Td8 35.Te5 b5 36.g4 Td1+ 37.Rf2 Td2+ 38.Re3 Txa2 39.f4 Fc2 40.Te7 
b4 41.Rd4 b3 42.Rc3 Ta4 43.f5 a5 44.Txf7 Tb4 45.Rb2 a4 46.Ta7 Td4 47.Cg8 
Rb8 48.Te7 Td2 49.Rc3 Tf2 50.Cf6 a3 51.Cd7+ Rc8 52.Cc5 a2 53.Ta7 Tf1 0-1

[Event "PCA Open"]
[Site "New York, NY USA"]
[Date "1994.??.??"]
[Round "4"]
[White "Topalov, Veselin"]
[Black "Sherzer, Alex"]
[Result "1-0"]
[WhiteElo "2645"]
[BlackElo "2465"]

1.d4 Cf6 2.c4 g6 3.Cc3 Fg7 4.e4 d6 5.f4 O-O 6.Cf3 c5 7.dxc5 Da5 8.Fd3 Dxc5
9.De2 Fg4 10.Fe3 Da5 11.O-O Cc6 12.Tac1 Tac8 13.Tfd1 Ch5 14.Fb1 Fh6 15.h3 
Fe6 16.Cd5 Fxd5 17.Txd5 Da6 18.Txh5 gxh5 19.Ch4 e6 20.Dxh5 Fg7 21.e5 f5 
22.exf6 Txf6 23.Dxh7+ Rf8 24.f5 exf5 25.Cxf5 Tc7 26.Cxg7 Txg7 27.Fh6 Txh6 
28.Tf1+ Re8 29.Dxg7 Db6+ 30.Rh1 1-0

[Event "It 94-95"]
[Site "Pamplona ESP"]
[Date "1994.??.??"]
[Round "?"]
[White "Topalov, Veselin"]
[Black "Franco Ocampos, Zenon"]
[Result "1/2-1/2"]
[WhiteElo "2630"]
[BlackElo "2490"]
[EventDate "1994.12.??"]

1.e4 e5 2.Cf3 d6 3.d4 Cd7 4.Fc4 c6 5.O-O Fe7 6.dxe5 dxe5 7.Cg5 Fxg5 8.Dh5 
De7 9.Dxg5 Dxg5 10.Fxg5 Cgf6 11.f3 b5 12.Fe2 Cb6 13.Cd2 Fe6 14.b3 Cfd7 15.
Tfc1 f6 16.Fe3 Re7 17.c4 bxc4 18.Cxc4 Cxc4 19.Fxc4 Fxc4 20.Txc4 Thc8 21.
Tac1 Rd6 22.h4 Cb6 23.Tc5 Tc7 24.Ta5 Cd7 25.Rf2 a6 26.Td1+ Re6 27.g3 Tb7 
28.Ta4 a5 29.Tc4 Ta6 30.Td2 Tb4 31.Tc1 Tb7 32.h5 a4 33.bxa4 c5 34.Fxc5 
Cxc5 35.Txc5 Txa4 36.g4 h6 37.Rg3 Tba7 38.Tdc2 Rf7 39.Tc7+ Txc7 40.Txc7+ 
Rg8 41.Tc2 Ta3 42.Rf2 Rf7 43.Re2 g5 44.Tb2 Rf8 45.Rd2 Txf3 46.a4 Re7 47.a5
Rd6 48.Tb6+ Rc5 49.Rc2 Ta3 50.Ta6 Rb5 51.Txf6 Txa5 52.Txh6 Rc4 53.Tc6+ Rd4
54.Tg6 Ta2+ 55.Rb3 Th2 56.Txg5 Rxe4 57.Tg6 Rf3 58.h6 e4 59.g5 e3 60.Rc3 e2
61.Rd2 Th1 62.Te6 Rf4 63.g6 e1=D+ 64.Txe1 Txh6 65.g7 Tg6 1/2-1/2

[Event "It 94-95"]
[Site "Pamplona ESP"]
[Date "1994.??.??"]
[Round "?"]
[White "Topalov, Veselin"]
[Black "Rivas Pastor, Manuel"]
[Result "1-0"]
[WhiteElo "2645"]
[BlackElo "2520"]
[EventDate "1994.12.??"]

1.e4 d6 2.d4 Cf6 3.Cc3 c6 4.f4 Db6 5.a3 Fg4 6.Dd2 e5 7.h3 exd4 8.Ca4 Dc7 
9.hxg4 b5 10.Dxd4 bxa4 11.g5 Cfd7 12.Dxa4 Cc5 13.Dd4 Cbd7 14.Cf3 Tb8 15.
Fc4 Ce6 16.Fxe6 fxe6 17.g6 h6 18.Cg5 hxg5 19.Txh8 Db6 20.Dxb6 Txb6 21.Fe3 
gxf4 22.Fxf4 e5 23.Fe3 1-0

[Event "It 94-95"]
[Site "Pamplona ESP"]
[Date "1994.??.??"]
[Round "?"]
[White "Topalov, Veselin"]
[Black "Magem Badals, Jordi"]
[Result "1/2-1/2"]
[WhiteElo "2630"]
[BlackElo "2520"]
[EventDate "1994.12.??"]

1.e4 c6 2.d4 d5 3.exd5 cxd5 4.c4 Cf6 5.Cc3 e6 6.Cf3 Fb4 7.cxd5 Cxd5 8.Dc2 
Cc6 9.a3 Fa5 10.Fd3 Cxc3 11.bxc3 Cxd4 12.Cxd4 Dxd4 13.Fb5+ Fd7 14.O-O Tc8 
15.Td1 Dxd1+ 16.Dxd1 Fxb5 17.Dh5 a6 18.Fb2 O-O 19.c4 Txc4 20.a4 Tb4 21.Fe5
Fc6 22.Fd6 Td4 23.Fxf8 Td5 24.Dh3 Rxf8 25.Dxh7 Fc3 26.Dh8+ Re7 27.Tc1 Ff6 
28.Dc8 a5 29.g3 g6 30.h4 Fe5 31.Txc6 bxc6 32.Dxc6 1/2-1/2

[Event "It 94-95"]
[Site "Pamplona ESP"]
[Date "1994.??.??"]
[Round "?"]
[White "Comas Fabrego, Lluis"]
[Black "Topalov, Veselin"]
[Result "0-1"]
[WhiteElo "2490"]
[BlackElo "2645"]
[EventDate "1994.12.??"]

1.d4 Cf6 2.c4 c5 3.d5 b5 4.cxb5 a6 5.bxa6 g6 6.Cc3 Fxa6 7.e4 Fxf1 8.Rxf1 
d6 9.g3 Fg7 10.Rg2 Cbd7 11.Cf3 O-O 12.h3 Ta6 13.Te1 Da8 14.Te2 Tb8 15.De1 
e6 16.dxe6 fxe6 17.Cg5 Te8 18.f4 c4 19.Fe3 e5 20.Td1 h6 21.Cf3 exf4 22.
gxf4 Cxe4 23.Cd5 Db7 24.Fd4 Dxd5 25.Fxg7 Df5 26.Fxh6 Txa2 27.Txd6 Txb2 28.
Txb2 Cxd6 29.Dc3 Df6 30.Dxf6 Cxf6 31.Ce5 Cfe4 32.h4 c3 33.Tc2 Cf5 34.Rf3 
Cd2+ 35.Rf2 Cxh6 36.Re2 Cc4 0-1

[Event "It 94-95"]
[Site "Pamplona ESP"]
[Date "1994.??.??"]
[Round "?"]
[White "De la Villa Garcia, Jesus Maria"]
[Black "Topalov, Veselin"]
[Result "0-1"]
[WhiteElo "2490"]
[BlackElo "2630"]
[EventDate "1994.12.??"]

1.e4 c5 2.c3 d5 3.exd5 Dxd5 4.d4 Cf6 5.Cf3 Fg4 6.Da4+ Fd7 7.Db3 cxd4 8.Fc4
De4+ 9.Rf1 e6 10.Cxd4 Cc6 11.Cd2 Dg6 12.Dxb7 Tb8 13.Dc7 Tc8 14.Dg3 Cxd4 
15.Dxg6 hxg6 16.cxd4 Fb4 17.b3 Fc3 18.Tb1 Fxd4 19.Cf3 Fb6 20.Fb2 Ce4 21.
Re2 Cxf2 22.Thc1 Cg4 23.Fxg7 Th5 24.h3 Ce3 25.g4 Txh3 26.Th1 Txh1 27.Txh1 
Cxg4 28.Th4 e5 29.Cg5 Re7 30.Th7 Ff5 31.Fh8 Tf8 32.Fxf7 Cf6 33.Tg7 Ch5 34.
Th7 Cf4+ 35.Rf3 Txh8 36.Txh8 Rf6 37.Fxg6 Cxg6 38.Th5 Cf4 39.Ch7+ Fxh7 40.
Txh7 Ce6 41.Th5 Cg5+ 42.Rg4 Cf7 43.a4 a5 44.Rf3 Re6 45.Re4 Cd6+ 46.Rd3 Rd5
47.Tg5 Fc5 48.Th5 Fb4 49.Tg5 Cb7 0-1

[Event "Credit Suisse"]
[Site "Geneva SUI"]
[Date "1996.??.??"]
[Round "1.3"]
[White "Topalov, Veselin"]
[Black "Gavrikov, Viktor1"]
[Result "1-0"]
[WhiteElo "2750"]
[BlackElo "2605"]

1.e4 c5 2.Cf3 d6 3.d4 Cf6 4.Cc3 cxd4 5.Cxd4 Cc6 6.Fc4 Db6 7.Cxc6 bxc6 8.
O-O e5 9.Fg5 Dxb2 10.Dd3 Db6 11.Fxf6 gxf6 12.Cd5 Dd8 13.Ce3 Fh6 14.Tad1 
Re7 15.Fb3 Fe6 16.Cc4 d5 17.Fa4 Tc8 18.Da3+ c5 19.exd5 Fg4 20.f3 Ff5 21.
d6+ Rf8 22.d7 Tc7 23.Td5 Rg7 24.Cd6 Fxd7 25.Tfd1 De7 26.Fxd7 Dxd7 27.Dd3 
De6 28.De4 Rg8 29.Cf5 1-0

[Event "Credit Suisse"]
[Site "Geneva SUI"]
[Date "1996.??.??"]
[Round "1.3"]
[White "Gavrikov, Viktor1"]
[Black "Topalov, Veselin"]
[Result "1/2-1/2"]
[WhiteElo "2605"]
[BlackElo "2750"]

1.c4 g6 2.d4 Fg7 3.Cc3 Cf6 4.Cf3 O-O 5.Fg5 d6 6.e3 c5 7.d5 h6 8.Fh4 e6 9.
Cd2 Ca6 10.e4 Cc7 11.a4 b6 12.Fe2 a6 13.O-O e5 14.a5 Tb8 15.axb6 Txb6 16.
Ta2 Fd7 17.Dc2 Db8 18.b3 Te8 19.Tb1 Ch7 20.Fd3 h5 21.f3 Fh6 22.Cf1 Tf8 23.
Ff2 Tb7 24.Tab2 Cf6 25.Ta2 Dd8 26.Ce2 De7 27.Fe1 Tfb8 28.Tab2 Fe8 29.Rh1 
Cd7 30.Ta2 h4 31.Cg1 Cf6 32.Fxh4 Rg7 33.Ta3 Fd7 34.Ce2 Rg8 35.g4 Fg7 36.h3
De8 37.Rg2 Ch7 38.Ff2 De7 39.Dd2 Ff6 40.De1 Dd8 41.h4 Fe7 42.Ce3 Tb6 43.
Fc2 Ce8 44.Dh1 Cg7 45.Tg1 Fc8 46.Rf1 Tb4 47.Fe1 T4b7 48.Fa5 De8 49.Dh2 Fd8
50.Fe1 Tb6 51.Fd2 De7 52.Th1 Df6 53.Df2 De7 54.Dh2 Df6 55.Rf2 De7 56.Cg3 
Ce8 57.Re2 T6b7 58.Dg2 Rf8 59.Th2 Df6 60.Dh1 Ta7 61.Cd1 Re7 62.g5 Dg7 63.
h5 Rf8 64.Cf2 Rg8 65.Dc1 a5 66.Cg4 Fxg4 67.fxg4 Df8 68.hxg6 fxg6 69.Th6 
Tg7 70.Fe3 De7 71.Cf5 gxf5 72.gxf5 Cxg5 73.f6 Cxf6 74.Fxg5 Dd7 75.Fxf6 
Tg2+ 76.Rd3 Tg3+ 77.Rd2 Fxf6 78.Txf6 Dg7 79.De1 Dg5+ 80.Rd1 Tf8 81.Txf8+ 
Rxf8 82.Df2+ Rg7 83.Df5 Tg1+ 84.Re2 Tg2+ 85.Rf1 Tg1+ 86.Re2 Tg2+ 87.Rf1 
Tg1+ 88.Re2 Tg2+ 89.Rf1 Tg1+ 1/2-1/2

[Event "?"]
[Site "Madrid ESP"]
[Date "1996.??.??"]
[Round "6"]
[White "San Segundo Carrillo, Pablo"]
[Black "Topalov, Veselin"]
[Result "0-1"]
[WhiteElo "2535"]
[BlackElo "2700"]

1.d4 Cf6 2.Cf3 g6 3.c4 Fg7 4.Cc3 O-O 5.e4 d6 6.Fe2 e5 7.Fe3 c6 8.d5 Ca6 9.
Cd2 Ce8 10.O-O f5 11.f3 f4 12.Ff2 c5 13.a3 b6 14.b4 h5 15.bxc5 Cxc5 16.a4 
a5 17.Ta3 Ff6 18.Cb3 Tf7 19.Rh1 Cc7 20.Cxc5 bxc5 21.Tg1 Ca6 22.g3 Tg7 23.
Rg2 Taa7 24.Rf1 Cb4 25.Re1 Taf7 26.Cb5 fxg3 27.hxg3 h4 28.Rd2 hxg3 29.Txg3
Fh4 30.Tg2 Fxf2 31.Txf2 Dg5+ 32.Te3 Tf6 33.Th2 Th7 34.Txh7 Rxh7 35.Ff1 Df4
36.Cc3 Fd7 37.Fg2 Rg7 38.Dg1 Dg5 39.Df2 Tf4 40.Ff1 Th4 41.Fe2 Df4 42.Dg1 
Dh6 43.Fd1 Th3 44.De1 Th2+ 45.Ce2 Th1 46.Df2 Fe8 47.Fb3 Tb1 48.f4 Dh1 0-1

[Event "Hoogovens"]
[Site "Wijk aan Zee NED"]
[Date "1996.??.??"]
[Round "5"]
[White "Topalov, Veselin"]
[Black "Piket, Jeroen"]
[Result "1-0"]
[WhiteElo "2700"]
[BlackElo "2570"]

1.e4 e5 2.Cf3 Cc6 3.Fb5 a6 4.Fa4 Cf6 5.O-O Fe7 6.Te1 b5 7.Fb3 d6 8.c3 O-O 
9.h3 Fb7 10.d4 Te8 11.Cbd2 Ff8 12.d5 Ce7 13.Cf1 Cg6 14.C3h2 Cd7 15.a3 Cc5 
16.Fa2 Cf4 17.c4 c6 18.cxb5 cxb5 19.Fb1 a5 20.h4 g6 21.g3 Ch5 22.Cg4 De7 
23.Fc2 Fc8 24.b3 Fd7 25.Ch6+ Rh8 26.Df3 f6 27.Fd2 Tec8 28.Tec1 Fe8 29.Cg4 
Fg7 30.De2 Db7 31.Cge3 Ff8 32.De1 Db6 33.b4 axb4 34.axb4 Txa1 35.Txa1 Ca4 
36.Ta3 Fd7 37.Tb3 Fe7 38.Fd3 Cg7 39.Ch2 Fd8 40.De2 Da6 41.Rg2 Cb6 42.Tc3 
Txc3 43.Fxc3 Ca4 44.Fe1 Rg8 45.Chg4 h5 46.Ch2 Fb6 47.Chf1 Rf7 48.Cd1 Fa7 
49.Cfe3 Db6 50.f3 Db7 51.Cc2 Ce8 52.Rh2 Da6 53.Cce3 Fd4 54.f4 Db6 55.f5 
Cg7 56.fxg6+ Rxg6 57.Cf5 Cxf5 58.exf5+ Fxf5 59.Fxf5+ Rxf5 60.Dc2+ e4 61.
Dc8+ Rg6 62.Dg8+ Rf5 63.Dh7+ Re5 64.Dxh5+ f5 65.Df7 Fe3 66.Rg2 f4 67.gxf4+
Fxf4 68.Cf2 1-0

[Event "Hoogovens"]
[Site "Wijk aan Zee NED"]
[Date "1996.??.??"]
[Round "9"]
[White "Topalov, Veselin"]
[Black "Van Wely, Loek"]
[Result "1-0"]
[WhiteElo "2700"]
[BlackElo "2570"]

1.e4 c5 2.Cc3 d6 3.f4 Cc6 4.Cf3 g6 5.Fc4 Fg7 6.O-O e6 7.d3 Cge7 8.De1 h6 
9.Fb3 Cd4 10.Cxd4 cxd4 11.Ce2 O-O 12.Rh1 f5 13.Cg1 Rh8 14.Cf3 Fd7 15.Fd2 
Tc8 16.Dg3 fxe4 17.dxe4 d5 18.exd5 exd5 19.Ch4 Tf6 20.Cf3 Cf5 21.Df2 Fb5 
22.Tfe1 Fc4 23.Cxd4 Db6 24.c3 Cxd4 25.Fe3 Tf7 26.Fxc4 dxc4 27.Tad1 Te8 28.
Fxd4 Txe1+ 29.Dxe1 Fxd4 30.Txd4 Dxb2 31.h3 Db5 32.De6 Rg7 33.Txc4 h5 34.a4
Db1+ 35.Rh2 Dc1 36.De5+ Rh7 37.Dd5 Te7 38.Dd4 Tf7 39.Dxa7 De1 40.Dg1 De2 
41.Dd4 Df1 42.Tb4 Te7 43.Df6 Tg7 44.Te4 Df2 45.Dd4 Dc2 46.Te5 Da2 47.De4 
Rh6 48.Te8 Rh7 49.Tf8 Tf7 50.Tb8 1-0

[Event "32. Olympiad"]
[Site "Erevan ARM"]
[Date "1996.??.??"]
[Round "5"]
[White "Topalov, Veselin"]
[Black "Torre, Eugenio"]
[Result "0-1"]
[WhiteElo "2750"]
[BlackElo "2535"]

1.e4 e5 2.Cf3 Cc6 3.Fb5 a6 4.Fa4 Cf6 5.O-O Cxe4 6.d4 b5 7.Fb3 d5 8.dxe5 
Fe6 9.Cbd2 Cc5 10.c3 Fg4 11.Fc2 Dd7 12.Te1 Td8 13.b4 Ce6 14.Cf1 Fh5 15.a3 
Fg6 16.Ta2 a5 17.Fxg6 hxg6 18.De2 Ta8 19.Dxb5 axb4 20.cxb4 Fxb4 21.Td1 Fc5
22.Dd3 Ccd4 23.Cxd4 Fxd4 24.Rh1 Da4 25.f4 Fb6 26.Tb2 Fc5 27.Cg3 c6 28.Tf1 
Dd4 29.Dc2 O-O 30.Tb3 Da4 31.Db1 Dc4 32.Db2 Fd4 33.Db1 Fc5 34.Db2 Fd4 35.
Db1 Fc3 36.Fe3 d4 37.Ce4 Cc5 38.Cxc5 Dxc5 39.Fg1 Dc4 40.Tf3 Tfd8 41.Td3 c5
42.h3 Da4 43.e6 De8 44.exf7+ Dxf7 45.Tb7 Td7 46.Txd7 Dxd7 47.Db3+ Df7 48.
Txc3 dxc3 49.Dxc3 c4 50.Fd4 Tb8 51.Fe5 Tb3 52.Da5 Td3 53.Rh2 Rh7 54.Db4 
Da7 55.Dxc4 De3 0-1

[Event "32. Olympiad"]
[Site "Erevan ARM"]
[Date "1996.??.??"]
[Round "6"]
[White "Galego, Luis"]
[Black "Topalov, Veselin"]
[Result "0-1"]
[WhiteElo "2435"]
[BlackElo "2750"]

1.c4 e5 2.Cc3 Cf6 3.g3 Fb4 4.Fg2 O-O 5.Db3 a5 6.a3 Fxc3 7.Dxc3 Te8 8.d3 d5
9.Fg5 d4 10.Dc2 Cbd7 11.c5 c6 12.Cf3 h6 13.Fxf6 Cxf6 14.Cd2 Fe6 15.O-O a4 
16.Cc4 Fxc4 17.Dxc4 Ta5 18.Fh3 De7 19.Tfc1 Tea8 20.Tab1 Cd5 21.Tc2 Tb5 22.
Fg2 Cc7 23.b4 axb3 24.Txb3 Txb3 25.Dxb3 Cb5 26.a4 Cc3 27.Tb2 Txa4 28.Dxb7 
Ta1+ 29.Ff1 De6 30.Rg2 Dd5+ 31.f3 Rh7 32.h4 De6 33.Tb6 Txf1 34.Txc6 Da2 
35.Rxf1 Dxe2+ 36.Rg1 De1+ 0-1

[Event "32. Olympiad"]
[Site "Erevan ARM"]
[Date "1996.??.??"]
[Round "7"]
[White "Topalov, Veselin"]
[Black "Nogueiras Santiago, Jesus"]
[Result "1/2-1/2"]
[WhiteElo "2750"]
[BlackElo "2535"]

1.e4 e6 2.d4 d5 3.Cc3 dxe4 4.Cxe4 Cd7 5.Cf3 Cgf6 6.Cxf6+ Cxf6 7.Fd3 c5 8.
dxc5 Fxc5 9.De2 Dc7 10.Fd2 O-O 11.O-O-O b6 12.Ce5 Fb7 13.f4 Cd5 14.Rb1 f6 
15.Cf3 Cxf4 16.Fxf4 Dxf4 17.Dxe6+ Rh8 18.Thf1 1/2-1/2

[Event "32. Olympiad"]
[Site "Erevan ARM"]
[Date "1996.??.??"]
[Round "8"]
[White "Saltaev, Mihail"]
[Black "Topalov, Veselin"]
[Result "0-1"]
[WhiteElo "2535"]
[BlackElo "2750"]

1.e4 c5 2.Cf3 d6 3.d4 cxd4 4.Cxd4 Cf6 5.Cc3 a6 6.Fc4 e6 7.a3 Fe7 8.Fa2 Cc6
9.O-O O-O 10.Fe3 Dc7 11.De2 b5 12.Tad1 Tb8 13.f3 Ca5 14.Fc1 b4 15.axb4 
Txb4 16.Rh1 Db6 17.Fe3 Db7 18.b3 Dc7 19.Dd2 Tb8 20.Ca4 Cc6 21.Cxc6 Dxc6 
22.Fa7 Tb7 23.Fd4 Td8 24.c4 Fd7 25.De3 Fe8 26.Tfe1 Cd7 27.f4 Tdb8 28.Dg3 
Ff8 29.Td3 e5 30.fxe5 dxe5 31.Fxe5 Cxe5 32.Dxe5 De6 33.Dxe6 fxe6 34.Cc3 
Fc5 35.Tf1 Fc6 36.h3 Tf7 37.Tff3 Tf6 38.Rh2 Rf7 39.Rg3 Fb6 40.Txf6+ gxf6 
41.Rf4 h5 42.g4 hxg4 43.hxg4 Fc7+ 44.Rf3 Fe5 45.Cd1 a5 46.Cf2 Re7 47.Re2 
Fd6 48.Td1 Fg3 49.Ch1 Fh4 50.Rf3 Tb4 51.Td2 Tb7 52.Th2 Fg5 53.Th7+ Rd6 54.
Txb7 Fxb7 55.Cf2 Rc5 56.Fb1 Rd4 57.Cd1 f5 58.gxf5 exf5 59.Cf2 Fh4 60.c5 
Rxc5 61.Cd1 Rd4 62.Ce3 fxe4+ 63.Re2 Fa6+ 64.Cc4 a4 65.Rd1 Fxc4 66.bxc4 Fe7
67.c5 Fxc5 68.Rc2 e3 0-1

[Event "32. Olympiad"]
[Site "Erevan ARM"]
[Date "1996.??.??"]
[Round "10"]
[White "Topalov, Veselin"]
[Black "Apicella, Manuel"]
[Result "1-0"]
[WhiteElo "2750"]
[BlackElo "2560"]

1.Cf3 Cf6 2.c4 g6 3.d4 Fg7 4.g3 O-O 5.Fg2 d6 6.O-O Cbd7 7.Cc3 e5 8.e4 exd4
9.Cxd4 Te8 10.h3 Cc5 11.Te1 Fd7 12.Ff4 a6 13.Dd2 Tb8 14.Tad1 Dc8 15.Rh2 b5
16.b4 Ce6 17.Cxe6 Fxe6 18.c5 dxc5 19.bxc5 Cd7 20.Cd5 Ce5 21.Fg5 Fxd5 22.
exd5 Df5 23.d6 cxd6 24.cxd6 Ff6 25.Fxf6 Dxf6 26.Df4 Dxf4 27.gxf4 Cc4 28.
Txe8+ Txe8 29.d7 Td8 30.Fb7 Cb6 31.Fxa6 Txd7 32.Txd7 Cxd7 33.Fxb5 Cc5 34.
a4 Cb3 35.Fc4 Ca5 36.Fd5 Rf8 37.Rg3 Re7 38.Rf3 f6 39.Re4 Rd6 40.Rd4 g5 41.
fxg5 fxg5 42.Re4 Rc5 43.f3 h6 44.Re5 Rb4 45.Rf6 Rxa4 46.Rg6 Rb4 47.Rxh6 
Rc5 48.Fa2 Cc6 49.Rxg5 Rd6 50.h4 1-0

[Event "32. Olympiad"]
[Site "Erevan ARM"]
[Date "1996.??.??"]
[Round "12"]
[White "Topalov, Veselin"]
[Black "Yermolinsky, Alex"]
[Result "1/2-1/2"]
[WhiteElo "2750"]
[BlackElo "2610"]

1.Cf3 Cf6 2.c4 e6 3.Cc3 d5 4.d4 Cbd7 5.Fg5 Fe7 6.e3 O-O 7.Tc1 c6 8.Fd3 
dxc4 9.Fxc4 Cd5 10.Fxe7 Dxe7 11.Ce4 C5f6 12.Cg3 e5 13.O-O exd4 14.Cf5 Dd8 
15.C5xd4 Cb6 16.Fd3 De7 17.Dc2 Fg4 18.a3 Tad8 19.Tfe1 Cbd7 20.Cg5 h6 21.
Ch7 Tfe8 22.h3 Fe6 23.Cxf6+ Dxf6 24.Ff1 Fd5 25.f3 Ce5 26.Df2 a6 27.b4 b5 
28.Ted1 Cc4 29.e4 Fe6 30.Fxc4 Fxc4 31.Td2 Td7 32.Tcd1 Ted8 33.f4 g5 34.
fxg5 Dxg5 35.Cf3 Txd2 36.Txd2 Txd2 37.Dxd2 De7 38.Dd4 a5 39.De5 Da7+ 40.
Cd4 axb4 41.axb4 Fe6 42.Rh2 Dd7 43.Rg3 Rh7 44.Rf4 Da7 45.Dc5 Dc7+ 46.Rf3 
Dd7 47.De5 Rg8 48.Rg3 Rh7 49.Rh4 De7+ 50.Rg3 Dd7 1/2-1/2

[Event "32. Olympiad"]
[Site "Erevan ARM"]
[Date "1996.??.??"]
[Round "14"]
[White "Lalic, Bogdan"]
[Black "Topalov, Veselin"]
[Result "0-1"]
[WhiteElo "2565"]
[BlackElo "2750"]

1.d4 Cf6 2.c4 g6 3.Cc3 Fg7 4.e4 d6 5.Cf3 O-O 6.Fe2 e5 7.Fe3 c6 8.Dd2 De7 
9.d5 cxd5 10.cxd5 Cg4 11.Fg5 f6 12.Fh4 Ch6 13.O-O Cf7 14.Ce1 h5 15.f3 Fh6 
16.Dd1 Ca6 17.Rh1 Fd7 18.Fxa6 bxa6 19.De2 Tab8 20.Tb1 Fc8 21.Cc2 a5 22.Dc4
Tb6 23.Da4 Fa6 24.Tfd1 Tfb8 25.Dxa5 Fc8 26.Da3 Ta6 27.Ca4 Db7 28.b3 Fd7 
29.Ta1 Rg7 30.Fe1 Fxa4 31.bxa4 Db2 32.Dxb2 Txb2 33.Cb4 Txa4 34.Tab1 Te2 
35.Fg3 f5 36.exf5 gxf5 37.Rg1 h4 38.Ff2 a5 39.Cd3 Taxa2 40.Te1 Ted2 41.
Tbd1 h3 42.gxh3 Ta3 0-1

[Event "14. Ciudad de Linares"]
[Site "Linares ESP"]
[Date "1997.02.13"]
[Round "8"]
[White "Topalov, Veselin"]
[Black "Piket, Jeroen"]
[Result "1-0"]
[WhiteElo "2725"]
[BlackElo "2640"]

1.Cf3 Cf6 2.c4 e6 3.Cc3 d5 4.d4 Cbd7 5.cxd5 exd5 6.Fg5 Fe7 7.e3 O-O 8.Fd3 
Te8 9.Dc2 c6 10.h3 Cf8 11.Ff4 Fd6 12.Fxd6 Dxd6 13.O-O-O a5 14.Rb1 Fe6 15.
g4 Tac8 16.Cg5 b5 17.f4 Fd7 18.De2 a4 19.Tc1 a3 20.b3 Cg6 21.Dd2 h6 22.Cf3
Ce4 23.Fxe4 dxe4 24.Ce5 Cxe5 25.fxe5 Txe5 26.Dh2 Te6 27.Dxd6 Txd6 28.Cxe4 
Td5 29.Cc5 Te8 30.The1 Fc8 31.Cd3 h5 32.Cf4 hxg4 33.Cxd5 Ff5+ 34.Ra1 cxd5 
35.hxg4 Fxg4 36.Tc5 Ff3 37.Txb5 g5 38.Ta5 g4 39.Txa3 f5 40.b4 g3 41.b5 g2 
42.b6 Te7 43.Ta8+ Rf7 44.Ta7 1-0

[Event "6. Magistral"]
[Site "Madrid ESP"]
[Date "1997.05.26"]
[Round "5"]
[White "San Segundo Carrillo, Pablo"]
[Black "Topalov, Veselin"]
[Result "1/2-1/2"]
[WhiteElo "2505"]
[BlackElo "2725"]

1.d4 Cf6 2.Cf3 g6 3.c4 Fg7 4.Cc3 O-O 5.e4 d6 6.Fe2 e5 7.O-O Cc6 8.Fe3 Cg4 
9.Fg5 f6 10.Fc1 f5 11.Fg5 De8 12.Cd5 Df7 13.dxe5 Cgxe5 14.exf5 Fxf5 15.Dd2
Tae8 16.Tae1 Rh8 17.b3 a6 18.Rh1 Cxf3 19.Fxf3 Cd4 20.Txe8 Txe8 21.Fd1 Fe4 
22.Cc3 Fc6 23.Fg4 Ff3 24.Fh3 Fe2 25.Te1 Dxf2 26.Fg4 Cc2 27.Tc1 Fxc3 28.
Dxc3+ Cd4 29.Fd7 Te5 30.Dg3 Df7 31.Fh3 Te4 32.Tg1 Rg8 33.Fd2 Ff1 34.Fg4 
Fe2 35.Fh3 h5 36.Fc3 Df6 37.c5 h4 38.Fxd4 Txd4 39.De3 De5 40.Dh6 Fd3 41.
cxd6 cxd6 42.Tc1 Ff5 43.Fxf5 Dxf5 44.h3 Te4 1/2-1/2

[Event "FIDE-Wch k.o."]
[Site "Groningen NED"]
[Date "1997.12.12"]
[Round "2.2"]
[White "Piket, Jeroen"]
[Black "Topalov, Veselin"]
[Result "1-0"]
[WhiteElo "2630"]
[BlackElo "2745"]

1.d4 Cf6 2.Cf3 e6 3.c4 d5 4.Cc3 dxc4 5.e4 Fb4 6.Fg5 c5 7.Fxc4 cxd4 8.Cxd4 
Fxc3+ 9.bxc3 Da5 10.Fb5+ Fd7 11.Fxf6 gxf6 12.Db3 a6 13.Fe2 Cc6 14.O-O Dc7 
15.Da3 Tc8 16.Tad1 Ca5 17.Dc1 Re7 18.Dh6 Fc6 19.Cxe6 De5 20.Cd4 Tcg8 21.f4
Dc5 22.Rh1 Tg6 23.Dh3 Fxe4 24.Ff3 Fxf3 25.Txf3 Dc7 26.Cf5+ Rf8 27.Tfd3 Cc6
28.Td7 1-0

[Event "FIDE-Wch k.o."]
[Site "Groningen NED"]
[Date "1997.??.11"]
[Round "2.1"]
[White "Topalov, Veselin"]
[Black "Piket, Jeroen"]
[Result "1/2-1/2"]
[WhiteElo "2745"]
[BlackElo "2630"]

1.e4 e5 2.Cf3 Cc6 3.Fb5 a6 4.Fa4 Cf6 5.O-O Fe7 6.Te1 b5 7.Fb3 d6 8.c3 O-O 
9.h3 Ca5 10.Fc2 c5 11.d4 Fb7 12.d5 Cc4 13.a4 Cb6 14.De2 Cxa4 15.Fxa4 bxa4 
16.Txa4 Cd7 17.c4 Cb6 18.Ta3 a5 19.Cc3 a4 20.Fe3 Fc8 21.Cd2 Fg5 22.Tb1 
Fxe3 23.Dxe3 Fd7 24.b4 axb3 25.Taxb3 Ta6 26.Dd3 h6 27.Rh2 Dc7 28.Cf1 Tfa8 
29.Cb5 Dd8 30.Cc3 Cc8 31.Ce3 Ta3 32.Tb7 T8a7 33.Dc2 Rh7 34.Txa7 Txa7 35.g3
g6 36.h4 Ta6 37.Tf1 Cb6 38.h5 Fc8 39.Dd2 Cd7 40.hxg6+ fxg6 41.Cg4 g5 42.
Rg2 Cf6 43.Cxf6+ Dxf6 44.Db2 Ta8 45.Db6 Ta3 46.Dc7+ Rg6 47.Dxc8 Txc3 48.
Dg8+ Dg7 49.De6+ Df6 1/2-1/2

[Event "Chess Classics"]
[Site "Frankfurt GER"]
[Date "1997.??.??"]
[Round "1"]
[White "Topalov, Veselin"]
[Black "Karpov, Anatoly"]
[Result "0-1"]
[WhiteElo "2725"]
[BlackElo "2760"]

1.d4 Cf6 2.Fg5 e6 3.e4 h6 4.Fxf6 Dxf6 5.Cc3 d6 6.Dd2 g5 7.g3 Fg7 8.O-O-O 
Fd7 9.f4 gxf4 10.gxf4 Cc6 11.Cf3 O-O-O 12.De3 Rb8 13.Tg1 Thg8 14.a3 a6 15.
e5 De7 16.Fd3 Fh8 17.Tg3 dxe5 18.fxe5 Txg3 19.hxg3 f6 20.exf6 Fxf6 21.Ce4 
Fg7 22.c3 Fc8 23.Fc2 b6 24.Cf2 Dd6 25.Fe4 Fb7 26.Cd3 Ra7 27.Rb1 Tf8 28.De2
a5 29.Cf4 Tg8 30.Fh7 Th8 31.Fc2 Cd8 32.Ch5 Ff8 33.Ce5 Tg8 34.g4 Fe7 35.Cf4
Fg5 36.Cfg6 Dd5 37.Te1 Tg7 38.Fd3 Cc6 39.Fc4 Dd6 40.Tf1 Cd8 41.Tf8 c5 42.
dxc5 Dxc5 43.Txd8 Fxd8 44.Cf4 Fc7 45.Cfd3 De7 46.Fb5 Dd6 47.De3 Th7 48.Fc4
h5 49.g5 h4 50.g6 Tg7 51.Dh6 De7 52.Dh5 Df6 53.Fb5 Df5 54.De2 De4 55.Dh5 
h3 56.Ra2 Df5 57.De2 De4 58.Dh5 Fd6 59.c4 h2 0-1

[Event "Chess Classics 3. place"]
[Site "Frankfurt GER"]
[Date "1997.??.??"]
[Round "1"]
[White "Topalov, Veselin"]
[Black "Lobron, Eric"]
[Result "0-1"]
[WhiteElo "2725"]
[BlackElo "2570"]

1.d4 Cf6 2.c4 e6 3.Cf3 b6 4.g3 Fa6 5.b3 b5 6.cxb5 Fxb5 7.Fg2 Fb4+ 8.Fd2 a5
9.O-O O-O 10.Fg5 d5 11.a3 Fe7 12.Cc3 Fa6 13.Dc2 Cbd7 14.Tfd1 Tc8 15.b4 c6 
16.e3 h6 17.Fxf6 Fxf6 18.Cd2 e5 19.Cb3 exd4 20.exd4 axb4 21.axb4 Fc4 22.
Ca5 Cb6 23.Fh3 Tc7 24.Cxc4 Cxc4 25.Ff1 Cd6 26.Ta6 Dd7 27.Tb6 Tb7 28.Txb7 
Dxb7 29.Ca4 Dxb4 30.Dxc6 Tc8 31.Da6 Fxd4 32.Fd3 g6 33.Rg2 Rg7 34.Tf1 Tc7 
35.Tb1 Da3 36.Da5 Dxd3 0-1